000 00836cab a2200205 4500
001 ##L134382
008 060801n2006 000 0 eng u
035 _a(Sirsi) u134382
041 0 _aeng
100 1 _aPilkington, Lisa
245 0 0 _aFocus
_bStaffordshire
260 _c2006
490 0 _aEstates Gazette
_v(0630) 29 July 2006, 75-93(7)
520 _aLooks at unprecedented levels of office development in the region, fuelled by hopes to attract occupiers with improved transport links, abundant labour, and available land. Reports on opposition from local business leaders and politicians to the boom in development of logistics and distribution facilities.
590 _aIKA010806
651 4 _aSTAFFORDSHIRE
690 _aPROPERTY-COMMERCIAL PROPERTY-COMMERCIAL PROPERTY MARKET
700 1 _aHalstead, Ian
942 _n0
999 _c77496
_d77496